[Event "SR 3. liga A2 2009/2010"]
[Site "?"]
[Date "2009.12.13"]
[Round "5.4"]
[White "Zisek, Jaroslav"]
[Black "Valla, Tomas"]
[Result "1-0"]
[WhiteElo "1890"]
[BlackElo "1780"]
[PlyCount "77"]
[EventDate "2009.??.??"]

1. c4 Nf6 2. Nc3 e6 3. d4 c5 4. d5 exd5 5. Nxd5 Nxd5 6. Qxd5 d6 7. Nf3 Nc6 8.
e4 Be6 9. Qd3 Be7 10. Bd2 O-O 11. Be2 f5 12. O-O Ne5 13. Nxe5 dxe5 14. Bc3 Qc7
15. exf5 Bf7 16. Qe4 Bf6 17. Rad1 Rad8 18. b3 b6 19. Rxd8 Rxd8 20. Rd1 Rxd1+
21. Bxd1 Qd8 22. Bf3 Qe7 23. Qa8+ Be8 24. Bc6 Kf8 25. Kf1 Qd8 26. Qxd8 Bxd8 27.
Bxe8 Kxe8 28. Bxe5 Kf7 29. Ke2 h6 30. Kf3 g6 31. fxg6+ Kxg6 32. Ke4 h5 33. g3
h4 34. gxh4 Kh5 35. f4 Kxh4 36. f5 Kg5 37. f6 Kg6 38. Kd5 Kf7 39. Kd6 1-0

[Event "SR 3. liga A2 2009/2010"]
[Site "?"]
[Date "2009.12.13"]
[Round "5.5"]
[White "Brunovsky, Peter"]
[Black "Fidericky, Milan"]
[Result "1-0"]
[WhiteElo "1762"]
[BlackElo "1852"]
[PlyCount "157"]
[EventDate "2009.??.??"]

1. d4 d5 2. Nf3 Bf5 3. Bf4 Nf6 4. e3 e6 5. Bd3 Bxd3 6. Qxd3 c6 7. Nbd2 Nbd7 8.
h3 Be7 9. O-O O-O 10. c4 dxc4 11. Nxc4 Nd5 12. Bh2 N7b6 13. a3 Nxc4 14. Qxc4
Rc8 15. Qa2 Bd6 16. Ne5 f6 17. Nf3 Bxh2+ 18. Nxh2 Qd7 19. Rac1 Kh8 20. Rfd1 Qf7
21. Nf3 Qg6 22. b3 Qf5 23. Qc2 Qh5 24. Qe4 Rce8 25. Qh4 Qxh4 26. Nxh4 g5 27.
Nf3 h6 28. g3 Re7 29. Nd2 Kg7 30. Nc4 Rd7 31. Rd2 Rfd8 32. e4 Ne7 33. Rcd1 Nc8
34. Kf1 Nd6 35. Nxd6 Rxd6 36. Ke2 Kf7 37. Ke3 Ke7 38. f3 R6d7 39. g4 f5 40.
gxf5 exf5 41. b4 f4+ 42. Kf2 Ke6 43. a4 Rd6 44. Ke2 R6d7 45. Rd3 Rd6 46. R1d2
R6d7 47. Kd1 h5 48. Kc2 g4 49. fxg4 hxg4 50. hxg4 f3 51. Kc3 Rf7 52. Rf2 Rf4
53. Re3 Rdf8 54. g5 Rg4 55. g6 Rxg6 56. Rexf3 Rxf3+ 57. Rxf3 Rg1 58. Kc4 Rc1+
59. Rc3 Re1 60. e5 Ra1 61. a5 a6 62. Kc5 Rb1 63. Rc4 Rb2 64. Rc3 Rb1 65. Rh3
Rc1+ 66. Kb6 Rb1 67. Kxb7 Rxb4+ 68. Kxa6 Rxd4 69. Re3 Rd5 70. Kb6 Rb5+ 71. Ka6
Rd5 72. Rc3 c5 73. Kb6 Rxe5 74. a6 Kd6 75. Rd3+ Ke7 76. a7 c4 77. Ra3 Rd5 78.
a8=Q Rd6+ 79. Kc5 1-0

[Event "SR 3. liga A2 2009/2010"]
[Site "?"]
[Date "2009.12.13"]
[Round "5.6"]
[White "Lanik, Miroslav"]
[Black "Zajicek, Ferdinand"]
[Result "1-0"]
[WhiteElo "1745"]
[BlackElo "1924"]
[PlyCount "75"]
[EventDate "2009.??.??"]

1. e4 e5 2. Nf3 d6 3. d4 Nd7 4. Nc3 Ngf6 5. Bc4 Be7 6. h3 h6 7. Be3 a6 8. Bb3
O-O 9. Qd2 Kh7 10. g4 b5 11. Nd5 Bb7 12. Nxf6+ Nxf6 13. d5 c5 14. c3 Ng8 15. g5
f6 16. gxh6 Nxh6 17. Ke2 Rf7 18. Rag1 Qd7 19. Bxh6 gxh6 20. Nh4 Bf8 21. Nf5 Bg7
22. Rg2 Rg8 23. Rhg1 Bc8 24. Rg6 Qxf5 25. exf5 Bxf5 26. Bc2 e4 27. R6g3 Re8 28.
Qf4 Re5 29. Kf1 h5 30. Rxg7+ Rxg7 31. Rxg7+ Kxg7 32. Kg2 a5 33. a4 bxa4 34. c4
Bg6 35. Bxa4 e3 36. fxe3 Be4+ 37. Kh2 Rg5 38. Qxe4 1-0

[Event "SR 3. liga A2 2009/2010"]
[Site "?"]
[Date "2009.12.13"]
[Round "5.7"]
[White "Kastler, Peter"]
[Black "Havlicek, Peter"]
[Result "1/2-1/2"]
[WhiteElo "1721"]
[BlackElo "1671"]
[PlyCount "86"]
[EventDate "2009.??.??"]

1. d4 d5 2. c4 e6 3. Nc3 Nf6 4. Bg5 Be7 5. e3 O-O 6. Nf3 h6 7. Bh4 c6 8. Bd3
Nbd7 9. O-O Nh7 10. Bxe7 Qxe7 11. Qc2 Ng5 12. Nxg5 Qxg5 13. Rae1 f5 14. f4 Qe7
15. Rf3 Nf6 16. Kh1 Bd7 17. Be2 Be8 18. Rh3 h5 19. c5 Ng4 20. Bd1 g6 21. Rf3
Nxh2 22. Rh3 Ng4 23. Bxg4 hxg4 24. Rh2 Kg7 25. g3 Bf7 26. Kg2 Rh8 27. Reh1
Rxh2+ 28. Rxh2 g5 29. Nd1 gxf4 30. exf4 Qf6 31. Qc3 Rh8 32. Rxh8 Kxh8 33. Nf2
Kg7 34. Qe3 Qd8 35. Nd3 Qa5 36. a3 Qa4 37. Qe5+ Kg6 38. Qe3 Qc2+ 39. Kf1 Qd1+
40. Kg2 Qc2+ 41. Kf1 Qh2 42. Qf2 Qh1+ 43. Ke2 Qe4+ 1/2-1/2

[Event "SR 3. liga A2 2009/2010"]
[Site "?"]
[Date "2009.12.13"]
[Round "5.8"]
[White "Gasa, Patrik"]
[Black "Papanek, Lubomir"]
[Result "1-0"]
[WhiteElo "1465"]
[BlackElo "1663"]
[PlyCount "160"]
[EventDate "2009.??.??"]

1. d4 d5 2. c4 e6 3. Nf3 Nf6 4. e3 c5 5. Nc3 Nc6 6. Bd3 cxd4 7. exd4 dxc4 8.
Bxc4 Bb4 9. Bg5 h6 10. Bf4 O-O 11. O-O Bxc3 12. bxc3 Nd5 13. Qd2 Nxf4 14. Qxf4
Qa5 15. Qe3 b5 16. Bd3 Bb7 17. Rfb1 a6 18. Qe4 g6 19. Nh4 Nd8 20. Qe3 Kg7 21.
Rc1 Qc7 22. Nf3 Bxf3 23. Qxf3 Rb8 24. a4 Nc6 25. axb5 axb5 26. Rab1 Na7 27. g3
Rfd8 28. Qe3 Rd6 29. c4 bxc4 30. Rxb8 Qxb8 31. Rxc4 Rc6 32. Ra4 Qc7 33. d5 Rc1+
34. Kg2 Nc8 35. dxe6 fxe6 36. Qxe6 Qc6+ 37. Qe4 Qxe4+ 38. Bxe4 Ne7 39. Ra7 Kf6
40. h4 g5 41. hxg5+ hxg5 42. Ra6+ Ke5 43. Ra7 Kf6 44. Ra8 Rc5 45. Bb1 Rb5 46.
Ba2 Rc5 47. Rf8+ Ke5 48. Rf7 Kd6 49. Kh3 Nf5 50. Rf6+ Kc7 51. Bb1 Ne7 52. Kg4
Re5 53. Bf5 Re2 54. f3 Re3 55. Re6 Nxf5 56. Kxf5 Rxf3+ 57. Kg4 Ra3 58. Re5 Kd7
59. Rxg5 Ke7 60. Rf5 Ke6 61. Rf1 Ra8 62. Rf4 Rg8+ 63. Kf3 Rg6 64. g4 Rg5 65.
Kg3 Ke5 66. Ra4 Kf6 67. Kh4 Rg8 68. Ra6+ Ke5 69. g5 Kf4 70. Rf6+ Ke5 71. Kh5
Ra8 72. Kg6 Rg8+ 73. Kh6 Rh8+ 74. Kg7 Rh5 75. g6 Rg5 76. Rf1 Ke6 77. Kh6 Rg2
78. Kh7 Rh2+ 79. Kg8 Rh6 80. g7 Ke7 1-0

[Event "SR 3. liga A2 2009/2010"]
[Site "?"]
[Date "2009.12.13"]
[Round "5.1"]
[White "Kapusta, Petr"]
[Black "Horak, Ivan"]
[Result "1-0"]
[WhiteElo "2162"]
[BlackElo "2105"]
[PlyCount "63"]
[EventDate "2009.??.??"]

1. e4 c5 2. Nf3 d6 3. d4 cxd4 4. Nxd4 Nf6 5. Nc3 g6 6. Be3 Bg7 7. f3 O-O 8. Qd2
Nc6 9. O-O-O Bd7 10. g4 Qa5 11. Kb1 Rfc8 12. h4 Nxd4 13. Bxd4 Be6 14. Nd5 Qxd2
15. Rxd2 Nxd5 16. exd5 Bxd5 17. Bxg7 Bxf3 18. Rh3 Bxg4 19. Rg3 Kxg7 20. Rxg4 f5
21. Rg3 Rc5 22. Re3 Rc7 23. Re6 Kf7 24. Rde2 Rd8 25. Bg2 Rdd7 26. Bd5 Kg7 27.
c4 Kh6 28. Rg2 Rd8 29. Rge2 Rdd7 30. b3 Kh5 31. Bf3+ Kxh4 32. Rg2 1-0

[Event "SR 3. liga A2 2009/2010"]
[Site "?"]
[Date "2009.12.13"]
[Round "5.2"]
[White "Kovarik, Oto"]
[Black "Hudacek, Josef"]
[Result "1-0"]
[WhiteElo "2053"]
[BlackElo "2070"]
[PlyCount "75"]
[EventDate "2009.??.??"]

1. e4 g6 2. d4 Bg7 3. c3 d6 4. f4 e6 5. Nf3 Ne7 6. Be2 Nd7 7. Be3 c6 8. Nbd2
Qc7 9. O-O O-O 10. g3 d5 11. Ne5 f6 12. Nxd7 Bxd7 13. Qb3 b5 14. a4 a6 15. Qa3
Rfe8 16. axb5 cxb5 17. Bf3 Bf8 18. Qa2 Bc6 19. Rac1 Qb7 20. Rfe1 Kg7 21. Bf2 f5
22. exf5 Nxf5 23. Re2 a5 24. Rce1 Qd7 25. Nb3 a4 26. Nc5 Bxc5 27. dxc5 Kf7 28.
g4 Ng7 29. Bd4 Re7 30. Qa1 h5 31. f5 gxf5 32. gxf5 Nxf5 33. Bxh5+ Kf8 34. Rf1
Rg7+ 35. Bxg7+ Qxg7+ 36. Rg2 Qh6 37. Qe1 Bd7 38. Bg6 1-0

[Event "SR 3. liga A2 2009/2010"]
[Site "?"]
[Date "2009.12.13"]
[Round "5.3"]
[White "Kubis, Ivan"]
[Black "Sefcik, Marek"]
[Result "1/2-1/2"]
[WhiteElo "2025"]
[BlackElo "2022"]
[PlyCount "120"]
[EventDate "2009.??.??"]

1. e4 c5 2. Nf3 e6 3. d4 cxd4 4. Nxd4 Bc5 5. Nb3 Bb6 6. Nc3 Ne7 7. Bd3 O-O 8.
Bg5 Nbc6 9. Qh5 Ne5 10. O-O-O f6 11. Bh4 Qe8 12. Qxe8 Rxe8 13. Be2 N5g6 14. Bg3
f5 15. f3 f4 16. Be1 a6 17. a4 Nc6 18. h4 Rf8 19. h5 Nge5 20. Bd2 Bd8 21. Bf1
g5 22. hxg6 Nxg6 23. Be1 b6 24. Rh5 Nce5 25. Bf2 Rf7 26. Nd2 Bc7 27. Nc4 Nxc4
28. Bxc4 Bb7 29. Bb3 Bc6 30. Ne2 Re8 31. Nd4 Bb7 32. Be1 Be5 33. Bb4 Bg7 34.
Bd6 Bf8 35. e5 Bxd6 36. exd6 Kg7 37. Rdh1 Nf8 38. c3 Rf6 39. Bc2 h6 40. Kd2 Nh7
41. c4 Rc8 42. Bd3 Ng5 43. b4 Nf7 44. c5 bxc5 45. bxc5 Bd5 46. Rc1 Ra8 47. Kc3
Nd8 48. Be4 Rc8 49. Kb4 Rb8+ 50. Ka5 Bxe4 51. fxe4 Rb2 52. Rc2 Rb1 53. Kxa6 Kg6
54. Rh3 Rb4 55. Rd3 Rxa4+ 56. Kb6 Rb4+ 57. Kc7 Rb7+ 58. Kxd8 Rf8+ 59. Ke7 Rf7+
60. Kd8 Rf8+ 1/2-1/2

[Event "SR 3. liga A2 2009/2010"]
[Site "?"]
[Date "2009.12.13"]
[Round "5.4"]
[White "Jozefovic, Milan"]
[Black "Londin, Martin"]
[Result "1/2-1/2"]
[WhiteElo "1904"]
[BlackElo "2005"]
[PlyCount "65"]
[EventDate "2009.??.??"]

1. e4 e5 2. Nf3 Nc6 3. Bc4 Bc5 4. c3 Nf6 5. d3 h6 6. h3 d6 7. b4 Bb6 8. a4 a6
9. a5 Ba7 10. Qe2 O-O 11. O-O Be6 12. Na3 Re8 13. Be3 Bxc4 14. Nxc4 d5 15. exd5
Nxd5 16. Qd2 Qf6 17. Bxa7 Rxa7 18. Rfe1 Raa8 19. Re4 Nf4 20. Ncxe5 Nxh3+ 21.
gxh3 Nxe5 22. Nxe5 Rxe5 23. Rxe5 Qxe5 24. Re1 Qf5 25. Re3 Qg5+ 26. Kf1 Rd8 27.
Qe2 Qb5 28. d4 Qc6 29. Qf3 Qb5+ 30. Qe2 Qc6 31. Ke1 Qh1+ 32. Kd2 Qd5 33. Re8+
1/2-1/2

[Event "SR 3. liga A2 2009/2010"]
[Site "?"]
[Date "2009.12.13"]
[Round "5.5"]
[White "Vepy, Ivan"]
[Black "Chabada st., Tomas"]
[Result "1-0"]
[WhiteElo "1920"]
[BlackElo "1899"]
[PlyCount "115"]
[EventDate "2009.??.??"]

1. e4 c5 2. Nf3 e6 3. d4 cxd4 4. Nxd4 Nf6 5. Nc3 d6 6. Be2 Be7 7. Be3 Nc6 8.
Qd2 a6 9. f4 O-O 10. O-O e5 11. Nxc6 bxc6 12. Rad1 Ng4 13. Bxg4 Bxg4 14. Ne2
Qb8 15. b3 Rd8 16. h3 Bxe2 17. Qxe2 Qc7 18. Qg4 Qd7 19. Qxd7 Rxd7 20. fxe5 Rad8
21. Bb6 Rb8 22. exd6 Bxd6 23. e5 Rxb6 24. Rxd6 Rxd6 25. exd6 Rb7 26. Re1 Kf8
27. c4 c5 28. Re5 Rd7 29. Rxc5 Rxd6 30. b4 Ke7 31. Rc7+ Ke6 32. a4 g6 33. Kh2
Rb6 34. b5 axb5 35. axb5 h5 36. Kg3 f6 37. Kf4 Kd6 38. Rg7 Kc5 39. Rxg6 Kxc4
40. Kf5 Rxb5+ 41. Kxf6 Kd3 42. Rg5 Rb6+ 43. Kf5 Rh6 44. g4 hxg4 45. hxg4 Ra6
46. Rg8 Ra5+ 47. Kg6 Ke4 48. Kh6 Ra1 49. Rf8 Ke5 50. g5 Ke6 51. g6 Ke7 52. Rf5
Ra6 53. Kh7 Ra1 54. Rg5 Kf6 55. Rg2 Rh1+ 56. Kg8 Re1 57. g7 Re3 58. Kf8 1-0

[Event "SR 3. liga A2 2009/2010"]
[Site "?"]
[Date "2009.12.13"]
[Round "5.6"]
[White "Hrubos, Milan"]
[Black "Hrubsa, Marian"]
[Result "1-0"]
[WhiteElo "1854"]
[BlackElo "1930"]
[PlyCount "93"]
[EventDate "2009.??.??"]

1. e4 e6 2. d4 d5 3. Nc3 Nf6 4. Bg5 Be7 5. e5 Nfd7 6. Bxe7 Qxe7 7. f4 Nb6 8.
Nf3 Bd7 9. b3 a6 10. Be2 Nc6 11. O-O f5 12. a4 Na5 13. Qd2 Qb4 14. Qe3 Qe7 15.
Ne1 O-O 16. Nd3 Be8 17. Nc5 Rb8 18. Bf3 Nd7 19. Nxe6 c6 20. Nxf8 Kxf8 21. Ne2
b6 22. Nc1 Qe6 23. Nd3 Nf6 24. Qe1 Ne4 25. Bxe4 dxe4 26. Nb4 Rd8 27. Rd1 Bf7
28. Qe3 Qe7 29. Na2 Nb7 30. c4 Qa3 31. Rf2 Qe7 32. Nc3 Na5 33. d5 c5 34. d6 Qd7
35. Nd5 Rb8 36. Nc7 Nc6 37. Rfd2 a5 38. Qh3 Kg8 39. Nd5 Nd4 40. Rxd4 cxd4 41.
Rxd4 Be6 42. Nc7 g5 43. fxg5 Rc8 44. Nxe6 Qxe6 45. Rxe4 Rd8 46. Re3 Qg6 47. Qh6
1-0

[Event "SR 3. liga A2 2009/2010"]
[Site "?"]
[Date "2009.12.13"]
[Round "5.7"]
[White "Vach, Jozef"]
[Black "Husek, Lubomir"]
[Result "0-1"]
[WhiteElo "1907"]
[BlackElo "1749"]
[PlyCount "112"]
[EventDate "2009.??.??"]

1. d4 d5 2. c4 c6 3. Nc3 e6 4. Nf3 Nf6 5. e3 Nbd7 6. Bd3 dxc4 7. Bxc4 b5 8. Bd3
a6 9. O-O Bb7 10. a3 c5 11. Bd2 Be7 12. Rc1 O-O 13. Bb1 Rc8 14. Re1 cxd4 15.
Nxd4 Nb6 16. Nce2 Nc4 17. Bc3 Qd5 18. Nf4 Qd7 19. Qe2 e5 20. Bf5 Qc7 21. Bxc8
Bxc8 22. Nf3 exf4 23. exf4 Bd6 24. Be5 Qb8 25. Qc2 Bxe5 26. fxe5 Nh5 27. Ng5 g6
28. Qc3 Re8 29. Nf3 Bb7 30. e6 fxe6 31. Nd4 e5 32. Nc2 Qa8 33. f3 Nf4 34. b3
Nd5 35. Qd3 Qa7+ 36. Kh1 Nd6 37. Qd2 Nf5 38. Nb4 Nxb4 39. Qxb4 Nd4 40. Qc3 Qb6
41. Qd3 g5 42. Qe3 h6 43. Rc3 Qf6 44. Rc7 Bc6 45. Qd3 Nf5 46. Qc3 Nd4 47. Qd3
Nf5 48. Rc1 Nd4 49. Qh7+ Kf8 50. Ra7 g4 51. Qd3 gxf3 52. Rxc6 fxg2+ 53. Kxg2
Qxc6+ 54. Kg3 Re6 55. Qh7 Rg6+ 56. Kh4 Qe4+ 0-1

[Event "SR 3. liga A2 2009/2010"]
[Site "?"]
[Date "2009.12.13"]
[Round "5.8"]
[White "Holly, Milan"]
[Black "Kubik, Peter"]
[Result "0-1"]
[WhiteElo "1820"]
[BlackElo "1583"]
[PlyCount "106"]
[EventDate "2009.??.??"]

1. Nf3 Nf6 2. b3 d5 3. Bb2 e6 4. e3 c5 5. Be2 Nc6 6. O-O Bd6 7. d4 O-O 8. c4
cxd4 9. Nxd4 e5 10. Nb5 Bc5 11. cxd5 Nxd5 12. Bf3 Be6 13. Bxd5 Bxd5 14. N1c3
Be6 15. Qxd8 Raxd8 16. Ne4 Be7 17. Rfd1 a6 18. Na3 f5 19. Ng3 e4 20. Rac1 Nb4
21. Rxd8 Rxd8 22. Rc7 Rd7 23. Rc8+ Kf7 24. Rh8 Nd3 25. Bd4 Bxa3 26. Rxh7 Kg6
27. Rh8 Bc5 28. Bc3 Nc1 29. h4 Nxa2 30. Be5 Nb4 31. h5+ Kf7 32. h6 gxh6 33.
Rxh6 Be7 34. Rh7+ Ke8 35. Nh5 Rd1+ 36. Kh2 Nc6 37. Bf4 Bg8 38. Rg7 Bf7 39. Rh7
Bxh5 40. Rxh5 Rd5 41. g4 Rd2 42. gxf5 Rxf2+ 43. Kg3 Rf1 44. Rh8+ Kf7 45. Rh7+
Kf6 46. Rh5 Rb1 47. Bg5+ Kg7 48. Bh6+ Kf7 49. Rh2 Bd6+ 50. Bf4 Bxf4+ 51. Kxf4
Rxb3 52. Kxe4 Rb4+ 53. Kd5 Ne7+ 0-1

[Event "SR 3. liga A2 2009/2010"]
[Site "?"]
[Date "2010.01.17"]
[Round "6.1"]
[White "Pagac, Robert"]
[Black "Kovacocy, Pavel"]
[Result "0-1"]
[WhiteElo "1830"]
[BlackElo "2241"]
[PlyCount "63"]
[EventDate "2009.??.??"]

1. e4 c5 2. Nf3 Nc6 3. d4 cxd4 4. Nxd4 g6 5. c3 Nf6 6. Nxc6 bxc6 7. Bd3 Bg7 8.
O-O O-O 9. Nd2 Qc7 10. f4 d5 11. Qe2 e5 12. fxe5 Ng4 13. Nf3 Qb6+ 14. Kh1 dxe4
15. Bxe4 Ba6 16. c4 Rae8 17. h3 Nxe5 18. Nxe5 Rxe5 19. Qc2 Rfe8 20. Bf3 Re1 21.
Bd2 Rxa1 22. Rxa1 Qf2 23. Rc1 Qg3 24. Bc3 Bh6 25. Bd2 Bf8 26. Qd1 Bd6 27. Qg1
Bc8 28. Rc3 Qh4 29. Bxc6 Re2 30. Qxa7 Rxd2 31. Bf3 Qf4 32. Qg1 0-1

[Event "SR 3. liga A2 2009/2010"]
[Site "?"]
[Date "2010.01.17"]
[Round "6.2"]
[White "Cechovic, Stefan"]
[Black "Brisudova, Veronika"]
[Result "1/2-1/2"]
[WhiteElo "2181"]
[BlackElo "1737"]
[PlyCount "139"]
[EventDate "2009.??.??"]

1. Nf3 g6 2. c4 Bg7 3. d4 Nf6 4. Nc3 O-O 5. e4 d6 6. Be2 Nbd7 7. O-O c5 8. d5
a6 9. Rb1 Ng4 10. h3 Nge5 11. Nd2 Nf6 12. f4 Ned7 13. Qe1 e6 14. dxe6 fxe6 15.
Nf3 Qc7 16. Be3 b6 17. Bd3 Bb7 18. f5 exf5 19. exf5 Bxf3 20. gxf3 Ne5 21. Rd1
Nxd3 22. Rxd3 gxf5 23. Bf4 Qf7 24. b3 Rae8 25. Qd2 Kh8 26. Rxd6 Rg8 27. Kh1 Qh5
28. Kh2 Ng4+ 29. fxg4 fxg4 30. Rd3 Bd4 31. Rg3 Rg6 32. Nd5 Rge6 33. Qd3 gxh3
34. Rxh3 Qe2+ 35. Qxe2 Rxe2+ 36. Kg3 Rxa2 37. Rfh1 Rg8+ 38. Kf3 Rg7 39. Nxb6
Rf2+ 40. Ke4 Re7+ 41. Kf5 Rf7+ 42. Kg5 R2xf4 43. Rxh7+ Kg8 44. Rxf7 Rxf7 45.
Rh3 Kf8 46. Nd5 Ke8 47. Kg4 Rb7 $11 48. Kf5 Kd8 49. Ke6 Kc8 50. Rf3 Kb8 51.
Rf8+ Ka7 52. Rf7 Rxf7 53. Kxf7 Kb7 54. Ke6 Kc6 55. Ne7+ Kb6 56. Kd5 Bg1 57. Nc6
Bh2 58. Nd8 Bg1 59. Ne6 Bf2 60. Nf4 Bg1 61. Nd3 Be3 62. Ne5 Ka5 63. Nd3 Kb6 64.
Kd6 Bg1 65. Kd5 Be3 66. Ke4 Bg1 67. Kd5 Be3 68. Ke4 Bg1 69. Nf4 Kc6 70. Nd3
1/2-1/2

[Event "SR 3. liga A2 2009/2010"]
[Site "?"]
[Date "2010.01.17"]
[Round "6.3"]
[White "Harasta, Juraj"]
[Black "Liptak, Tomas"]
[Result "0-1"]
[WhiteElo "1688"]
[BlackElo "2036"]
[PlyCount "64"]
[EventDate "2009.??.??"]

1. e4 e5 2. Nf3 Nc6 3. Bb5 a6 4. Ba4 b5 5. Bb3 Bc5 6. O-O Nf6 7. Re1 O-O 8. c3
Bb7 9. d4 exd4 10. cxd4 Bb4 11. Nc3 d6 12. Bg5 h6 13. Bh4 Na5 14. Bc2 Nc4 15.
Qc1 Re8 16. e5 dxe5 17. dxe5 Bxf3 18. exf6 Qd4 19. gxf3 Qxh4 20. Rxe8+ Rxe8 21.
Ne4 Nd2 22. Nxd2 Qg5+ 23. Kh1 Bxd2 24. Qf1 g6 25. Rd1 Bf4 26. Qg2 Qxf6 27. b3
Re5 28. Qg4 Rh5 29. h3 Bd6 30. Re1 Kg7 31. a4 Rh4 32. Qg2 Qc3 0-1

[Event "SR 3. liga A2 2009/2010"]
[Site "?"]
[Date "2010.01.17"]
[Round "6.4"]
[White "Sarmir, Milos"]
[Black "Harastova, Viera"]
[Result "1-0"]
[WhiteElo "2090"]
[BlackElo "1651"]
[PlyCount "79"]
[EventDate "2009.??.??"]

1. e4 e5 2. Nf3 Nc6 3. Bb5 a6 4. Ba4 b5 5. Bb3 Bc5 6. c3 Nf6 7. Qe2 d6 8. h3
O-O 9. O-O Be6 10. Bc2 Qc8 11. b4 Bb6 12. a4 Nh5 13. d3 Ng3 14. Qd1 Nxf1 15.
Qxf1 Ne7 16. Na3 c6 17. d4 Ng6 18. Be3 f5 19. Ng5 f4 20. Nxe6 fxe3 21. Nxf8
Qxf8 22. fxe3 exd4 23. exd4 Qe7 24. Qe2 Re8 25. Kh1 Qe6 26. Rb1 Nf4 27. Qf3 Rf8
28. Bb3 d5 29. axb5 axb5 30. Nc2 Ng6 31. exd5 Qd6 32. dxc6+ Kh8 33. Qe4 Bc7 34.
g3 Qxg3 35. Qg2 Qxc3 36. Bd5 Qd3 37. Be4 Qc3 38. Bxg6 hxg6 39. Ra1 Qb2 40. Qxg6
1-0

[Event "SR 3. liga A2 2009/2010"]
[Site "?"]
[Date "2010.01.17"]
[Round "6.5"]
[White "Harasta, Marian"]
[Black "Liptak, Dusan"]
[Result "0-1"]
[WhiteElo "1608"]
[BlackElo "1916"]
[PlyCount "48"]
[EventDate "2009.??.??"]

1. d4 Nf6 2. c4 e6 3. Nf3 c5 4. e3 b6 5. Nc3 Bb7 6. Bd3 d5 7. cxd5 exd5 8. Ne5
Nbd7 9. Qa4 a6 10. dxc5 b5 11. Nxb5 axb5 12. Qxb5 Ba6 13. Nxd7 Bxb5 14. Nxf6+
Qxf6 15. Bxb5+ Kd8 16. c6 Bb4+ 17. Ke2 Kc7 18. a3 Rhb8 19. Bd3 Bxa3 20. Rxa3
Rxb2+ 21. Bxb2 Qxb2+ 22. Kf3 Rxa3 23. Bxh7 Qf6+ 24. Kg3 Qg5+ 0-1

[Event "SR 3. liga A2 2009/2010"]
[Site "?"]
[Date "2010.01.17"]
[Round "6.6"]
[White "Kovacik, Lubomir"]
[Black "Berger, Patrik"]
[Result "0-1"]
[WhiteElo "1770"]
[BlackElo "1627"]
[PlyCount "58"]
[EventDate "2009.??.??"]

1. d4 Nf6 2. Nf3 g6 3. c4 Bg7 4. Nc3 d6 5. e4 O-O 6. Be2 Nc6 7. O-O e5 8. d5
Ne7 9. Ne1 Ne8 10. Nd3 f5 11. f3 f4 12. c5 Bd7 13. Bd2 Nf6 14. Rc1 h5 15. a4 a6
16. b4 g5 17. b5 g4 18. c6 bxc6 19. dxc6 Be6 20. Nb4 a5 21. Nbd5 Nexd5 22. Nxd5
Nxd5 23. exd5 Bxd5 24. fxg4 Qg5 25. Bxf4 exf4 26. h4 Qe5 27. g5 Qe3+ 28. Kh1
Bd4 29. Bxh5 Bxg2+ 0-1

[Event "SR 3. liga A2 2009/2010"]
[Site "?"]
[Date "2010.01.17"]
[Round "6.7"]
[White "Leska, Marian"]
[Black "Markuliak, Mario"]
[Result "1/2-1/2"]
[WhiteElo "1668"]
[BlackElo "1909"]
[PlyCount "51"]
[EventDate "2009.??.??"]

1. d4 Nf6 2. c4 g6 3. Nc3 d5 4. e3 Bg7 5. Nf3 O-O 6. Be2 b6 7. O-O Bb7 8. b3
Nbd7 9. Bb2 e6 10. Rb1 c5 11. cxd5 Nxd5 12. Nxd5 Bxd5 13. dxc5 Bxb2 14. Rxb2
Nxc5 15. Qd4 Ne4 16. Rd1 Rc8 17. Re1 Qe7 18. Nd2 Qa3 19. Nxe4 Bxe4 20. Rd2 Rfd8
21. Qb2 Qxb2 22. Rxb2 Rc7 23. Bc4 Rcd7 24. h3 Rd2 25. Re2 Rxe2 26. Rxe2 1/2-1/2

[Event "SR 3. liga A2 2009/2010"]
[Site "?"]
[Date "2010.01.17"]
[Round "6.8"]
[White "Hornak, Pavol"]
[Black "Drabek, Martin"]
[Result "0-1"]
[WhiteElo "1787"]
[BlackElo "1449"]
[PlyCount "120"]
[EventDate "2009.??.??"]

1. d4 d5 2. c4 dxc4 3. e4 Nf6 4. e5 Nd5 5. Bxc4 Bf5 6. Qf3 e6 7. Ne2 Nc6 8. O-O
a6 9. Bxd5 Qxd5 10. Qxd5 exd5 11. a3 Bd3 12. Nbc3 Bxe2 13. Nxe2 Be7 14. b4 Rd8
15. Bb2 Bg5 16. f4 Be7 17. Rac1 O-O 18. g3 Rd7 19. h4 f6 20. e6 Rdd8 21. f5 g6
22. g4 gxf5 23. gxf5 Kh8 24. Kh1 Rg8 25. Rg1 Bd6 26. Rxg8+ Rxg8 27. Rg1 Rxg1+
28. Kxg1 Ne7 29. Bc1 Nxf5 30. Bf4 Be7 31. Bxc7 Nxh4 32. Kf2 Nf5 33. Kf3 Kg7 34.
Kg4 Ne3+ 35. Kf4 Nc2 36. Nc3 Nxd4 37. Kg4 Nxe6 38. Bb6 d4 39. Nd5 Bd6 40. Kf5
Kf7 41. Nxf6 d3 42. Ne4 Bf4 43. Nf2 d2 44. Ke4 h5 45. Be3 Bg3 46. Nd1 Be1 47.
Kd3 h4 48. Bxd2 Bxd2 49. Kxd2 Kf6 50. Ke3 Kg5 51. Nf2 Nf4 52. Kf3 Kf5 53. Ne4
b6 54. Nd6+ Kg5 55. Ne4+ Kf5 56. Nd6+ Ke6 57. Nc4 b5 58. Nd2 Kf5 59. Ne4 Ne6
60. Ke3 h3 0-1

[Event "SR 3. liga A2 2009/2010"]
[Site "?"]
[Date "2010.01.17"]
[Round "6.1"]
[White "Mihalik, Marek"]
[Black "Pagerka, Martin"]
[Result "1/2-1/2"]
[WhiteElo "2090"]
[BlackElo "2097"]
[PlyCount "117"]
[EventDate "2009.??.??"]

1. d4 Nf6 2. c4 c5 3. e3 e6 4. Nc3 Be7 5. Nf3 b6 6. Bd3 Bb7 7. O-O d6 8. Qe2
Nbd7 9. b3 O-O 10. Bb2 a6 11. Rad1 g6 12. Bb1 Qc7 13. e4 Nh5 14. Qe3 f6 15.
Rfe1 Rf7 16. e5 fxe5 17. dxe5 Bxf3 18. exd6 Bxd6 19. gxf3 Bxh2+ 20. Kh1 Ne5 21.
Nd5 exd5 22. Bxe5 Bxe5 23. Qxe5 Qxe5 24. Rxe5 Rxf3 25. cxd5 Rd8 26. Rd2 Rf6 27.
Bd3 b5 28. a4 Nf4 29. axb5 Nxd3 30. Rxd3 axb5 31. d6 c4 32. Rde3 Rdxd6 33. Rxb5
cxb3 34. Rb8+ Kg7 35. Rb7+ Kh6 36. Rh3+ Kg5 37. Rg3+ Kf4 38. Rbxb3 Rf5 39. Kg2
Ke5 40. Rb5+ Kf6 41. Rxf5+ Kxf5 42. Ra3 h5 43. Kg3 g5 44. Ra5+ Kg6 45. Ra3 h4+
46. Kg4 Rd4+ 47. Kh3 Kf5 48. Ra8 Rd3+ 49. Kh2 Kg4 50. Kg2 Rf3 51. Ra4+ Rf4 52.
Ra2 h3+ 53. Kh2 Kf3 54. Ra3+ Kxf2 55. Ra2+ Kf3 56. Ra3+ Ke4 57. Rxh3 Rf3 58.
Rh8 Rf5 59. Kg3 1/2-1/2

[Event "SR 3. liga A2 2009/2010"]
[Site "?"]
[Date "2010.01.17"]
[Round "6.2"]
[White "Hecko, Dusan"]
[Black "Manak, Jozef"]
[Result "1/2-1/2"]
[WhiteElo "2115"]
[BlackElo "2017"]
[PlyCount "61"]
[EventDate "2009.??.??"]

1. d4 Nf6 2. Nd2 d5 3. Ngf3 Bf5 4. e3 e6 5. Be2 Bd6 6. c4 c6 7. Qb3 b6 8. O-O
O-O 9. Bd3 Bxd3 10. Qxd3 Nbd7 11. e4 dxe4 12. Nxe4 Nxe4 13. Qxe4 Qc7 14. b3 e5
15. dxe5 Bxe5 16. Nxe5 Qxe5 17. Qb1 Rfe8 $11 18. Bb2 Qe4 19. Qc1 f6 20. Qc3 Nc5
21. f3 Qd3 22. Rad1 Qxc3 23. Bxc3 Rad8 24. Bd4 Ne6 25. Be3 Rxd1 26. Rxd1 Rd8
27. Rxd8+ Nxd8 28. Kf2 Kf7 29. Ke2 Ke6 30. Kd3 c5 31. Bd2 1/2-1/2

[Event "SR 3. liga A2 2009/2010"]
[Site "?"]
[Date "2010.01.17"]
[Round "6.3"]
[White "Mihalik, Anton"]
[Black "Diviak, Rastislav"]
[Result "1/2-1/2"]
[WhiteElo "1961"]
[BlackElo "2043"]
[PlyCount "87"]
[EventDate "2009.??.??"]

1. e4 c5 2. Nc3 Nc6 3. g3 g6 4. Bg2 Bg7 5. d3 d6 6. Nge2 Nf6 7. O-O O-O 8. h3
Rb8 9. Be3 b5 10. Qd2 b4 11. Nd1 Re8 12. f4 Qc7 13. g4 Bb7 14. Ng3 Nd7 15. Qf2
Rf8 16. g5 f6 17. h4 fxg5 18. hxg5 Nd4 19. c3 bxc3 20. bxc3 Nb5 21. Qd2 Qa5 22.
Ne2 Na3 23. Bh3 Bc6 24. Be6+ Kh8 25. Nf2 Rb7 26. d4 Rfb8 27. d5 Ba4 28. Nd3 Nc4
29. Qc1 Nb2 30. Nxb2 Rxb2 31. Rf2 $11 Rc2 32. Qa3 Nf8 33. e5 Rbb2 34. Ng3 Rxf2
35. Bxf2 Qb5 36. Re1 Nxe6 37. dxe6 dxe5 38. fxe5 Rb1 39. Rxb1 Qxb1+ 40. Kh2 Bc6
41. Qxc5 Qxa2 42. Qxc6 Qxf2+ 43. Kh3 Bxe5 44. Qe8+ $11 1/2-1/2

[Event "SR 3. liga A2 2009/2010"]
[Site "?"]
[Date "2010.01.17"]
[Round "6.4"]
[White "Cajka, Tibor"]
[Black "Curidlo, Jan"]
[Result "1-0"]
[WhiteElo "1932"]
[BlackElo "1938"]
[PlyCount "53"]
[EventDate "2009.??.??"]

1. Nf3 Nf6 2. g3 b6 3. Bg2 Bb7 4. O-O e6 5. d4 Be7 6. c4 d6 7. Nc3 O-O 8. Re1
Nbd7 9. e4 e5 10. Nd5 Nxd5 11. cxd5 Bf6 12. dxe5 dxe5 13. b4 Be7 14. a3 f6 15.
Nh4 Bc8 16. Nf5 Nb8 17. d6 cxd6 18. Qd5+ Kh8 19. Nxe7 Qxe7 20. Qxa8 Be6 21. Be3
Rc8 22. Rec1 Nc6 23. Qxc6 Rxc6 24. Rxc6 b5 25. Rac1 Bc4 26. Rc8+ Bg8 27. Ra8
1-0